<?xml version="1.0" encoding="UTF-8"?>
<record
    xmlns:xsi="http://www.w3.org/2001/XMLSchema-instance"
    xsi:schemaLocation="http://www.loc.gov/MARC21/slim http://www.loc.gov/standards/marcxml/schema/MARC21slim.xsd"
    xmlns="http://www.loc.gov/MARC21/slim">

  <leader>00528nam a22001817a 4500</leader>
  <controlfield tag="005">20240404144651.0</controlfield>
  <datafield tag="010" ind1=" " ind2=" ">
    <subfield code="a">ENG-140031</subfield>
  </datafield>
  <datafield tag="020" ind1=" " ind2=" ">
    <subfield code="a">9780063215009</subfield>
    <subfield code="c">450.00</subfield>
  </datafield>
  <datafield tag="035" ind1=" " ind2=" ">
    <subfield code="a">EN-123563</subfield>
  </datafield>
  <datafield tag="037" ind1=" " ind2=" ">
    <subfield code="b">DBAD</subfield>
  </datafield>
  <datafield tag="082" ind1=" " ind2=" ">
    <subfield code="a">158.1</subfield>
  </datafield>
  <datafield tag="100" ind1=" " ind2=" ">
    <subfield code="a">Rawat,Prem </subfield>
    <subfield code="9">64305</subfield>
  </datafield>
  <datafield tag="245" ind1=" " ind2=" ">
    <subfield code="a">Hear Yourself:</subfield>
    <subfield code="b">How To Find Peace In A noisy World/</subfield>
    <subfield code="c">by Prem Rawat </subfield>
  </datafield>
  <datafield tag="260" ind1=" " ind2=" ">
    <subfield code="a">Noida</subfield>
    <subfield code="b">Harper Collins Publishers</subfield>
    <subfield code="c">2021</subfield>
  </datafield>
  <datafield tag="270" ind1=" " ind2=" ">
    <subfield code="a">A-75, Sector-57</subfield>
    <subfield code="b">Noida</subfield>
    <subfield code="e">201301</subfield>
  </datafield>
  <datafield tag="300" ind1=" " ind2=" ">
    <subfield code="a">260p.</subfield>
    <subfield code="c">21(pb)</subfield>
  </datafield>
  <datafield tag="942" ind1=" " ind2=" ">
    <subfield code="2">ddc</subfield>
    <subfield code="c">EN</subfield>
    <subfield code="m">RAW</subfield>
    <subfield code="h">158.1</subfield>
  </datafield>
  <datafield tag="999" ind1=" " ind2=" ">
    <subfield code="c">177254</subfield>
    <subfield code="d">177254</subfield>
  </datafield>
  <datafield tag="952" ind1=" " ind2=" ">
    <subfield code="0">0</subfield>
    <subfield code="1">0</subfield>
    <subfield code="4">0</subfield>
    <subfield code="7">0</subfield>
    <subfield code="8">NFIC</subfield>
    <subfield code="a">BN</subfield>
    <subfield code="b">BN</subfield>
    <subfield code="d">2024-04-03</subfield>
    <subfield code="e">DBAD</subfield>
    <subfield code="g">450.00</subfield>
    <subfield code="l">6</subfield>
    <subfield code="m">2</subfield>
    <subfield code="o">RAW 158.1</subfield>
    <subfield code="p">EN-123563</subfield>
    <subfield code="r">2024-12-21 00:00:00</subfield>
    <subfield code="s">2024-12-07</subfield>
    <subfield code="t">1</subfield>
    <subfield code="v">450.00</subfield>
    <subfield code="w">2024-04-03</subfield>
    <subfield code="y">EN</subfield>
  </datafield>
</record>
